Administrative structure of the great mughals / (Record no. 122576)

MARC details
000 -LEADER
fixed length control field 00696nam a22002297a 4500
005 - DATE AND TIME OF LATEST TRANSACTION
control field 20170124105912.0
010 ## - LIBRARY OF CONGRESS CONTROL NUMBER
LC control number A-710552
020 ## - INTERNATIONAL STANDARD BOOK NUMBER
Terms of availability 300.00
035 ## - SYSTEM CONTROL NUMBER
System control number A-710552
037 ## - SOURCE OF ACQUISITION
Source of stock number/acquisition Cen Lib/Ret
040 ## - CATALOGING SOURCE
Original cataloging agency DPL
Language of cataloging EN
082 ## - DEWEY DECIMAL CLASSIFICATION NUMBER
Classification number 954.022
Item number KHO
100 ## - MAIN ENTRY--PERSONAL NAME
Personal name Khosla, R. P.
9 (RLIN) 914
245 ## - TITLE STATEMENT
Title Administrative structure of the great mughals /
Statement of responsibility, etc by R. P. Khosla
260 ## - PUBLICATION, DISTRIBUTION, ETC. (IMPRINT)
Place of publication, distribution, etc New Delhi
Name of publisher, distributor, etc Kanti Publications
Date of publication, distribution, etc 1991
270 ## - ADDRESS
Address A 507/12 Kartar Nagar, South Gamri Ext.
City New Delhi
Postal code 110053
300 ## - PHYSICAL DESCRIPTION
Extent v, 311p.
Dimensions 22cm(Hb)
500 ## - GENERAL NOTE
General note Includes index
650 ## - SUBJECT ADDED ENTRY--TOPICAL TERM
Topical term or geographic name as entry element Indian History
Geographic subdivision India
9 (RLIN) 105468
650 ## - SUBJECT ADDED ENTRY--TOPICAL TERM
Topical term or geographic name as entry element Mughal Period-India
9 (RLIN) 916
942 ## - ADDED ENTRY ELEMENTS (KOHA)
Source of classification or shelving scheme Dewey Decimal Classification
Koha item type English Books
Classification part 954.022
Call number suffix KHO
Holdings
Withdrawn status Lost status Damaged status Not for loan Collection code Home library Current library Date acquired Source of acquisition Cost, normal purchase price Total Checkouts Full call number Barcode Date last seen Copy number Cost, replacement price Price effective from Koha item type
      Not For Loan Reference Central Library Central Library 28/05/2015 Cen Lib/Ret 300.00   954.022 KHO A-710552 28/05/2015 1 300.00 28/05/2015 English Books

© Delhi Public Library
Hit Counter
free hit counter